Governance in the 21st century

I tiakina i:
Ngā taipitopito rārangi puna kōrero
Ngā kaituhi rangatōpū: OECD (Author), Organisation for Economic Co-Operation and Development (Author)
Hōputu: Pukapuka
Reo:Ingarihi
I whakaputaina: París OECD 2001
Rangatū:Future Studies
Ngā marau:
Ngā Tūtohu: Tāpirihia he Tūtohu
Kāore He Tūtohu, Me noho koe te mea tuatahi ki te tūtohu i tēnei pūkete!

MARC

LEADER 00000nam a2200000 a 4500
001 UCL5989
003 CL-VaPUC
008 040326e20010000FR |||||||||||||||||eng|d
020 |a 9264185410 
082 0 4 |a 320.011  |b OEC  |2 21 
110 2 |a OECD  |e author  |9 483711 
710 2 |a Organisation for Economic Co-Operation and Development  |e author  |9 483712 
245 1 0 |a Governance in the 21st century 
300 |a 217 p 
942 |c BK 
945 |d 20040326 00:00:00  |a cmena 
260 |a París  |b OECD  |c 2001 
650 7 |a FILOSOFIA POLITICA  |2 CL-VaPUC  |9 483713 
650 0 |a Estado y sociedad  |9 345536 
650 0 |a Cambio social   |9 256857 
650 0 |a Administración pública   |9 255343 
583 |a last modification  |c 20040326 00:00:00  |k Rodrigo Vera 
490 0 |a Future Studies 
999 |c 308299  |d 308297 
952 |0 0  |1 0  |4 0  |6 320_011000000000000_OEC_2001  |7 0  |8 A  |9 374661  |a BIBGIM  |b BIBGIM  |d 2019-11-21  |i 3999211  |o 320.011 OEC 2001  |p 3999211  |r 2025-01-15  |w 2019-11-21  |y BK  |k GIM